书目信息 |
| 题名: |
行草大字典
|
|
| 作者: | ;书学会 编纂 | |
| 分册: | 上 | |
| 出版信息: | 北京 北京市中国书店 1981 |
|
| 页数: | 1册 | |
| 开本: | 19cm | |
| 丛书名: | ||
| 单 册: | ||
| 中图分类: | J292.3-61 | |
| 科图分类: | ||
| 主题词: | 法帖-行草--中国 , 书法--中国 , 行草-法帖--中国 , 篆刻--中国 | |
| 电子资源: | ||
| ISBN: | ||
| 000 | 00729nam0 2200265 45 | |
| 001 | 0181003615 | |
| 005 | 20060622100116.67 | |
| 010 | @dCNY3.50(2册) | |
| 100 | @a19950411d1981 em y0chiy0121 ea | |
| 101 | 0 | @achi |
| 102 | @aCN@b110000 | |
| 105 | @ay e 000yy | |
| 200 | 10 | @a行草大字典@Axing cao da zi dian@h上@f书学会编纂@Fshu xue hui bian zuan |
| 205 | @a影印本 | |
| 210 | @a北京@c北京市中国书店@d1981 | |
| 215 | @a1册@d19cm | |
| 606 | @a法帖-行草@y中国 | |
| 606 | 0 | @a书法@x中国 |
| 606 | @a行草-法帖@y中国 | |
| 606 | 0 | @a篆刻@x中国 |
| 690 | @aJ292.3-61@v3 | |
| 711 | 02 | @a书学会@Ashu xue hui@4编纂 |
| 801 | 2 | @aCN@bNLC@c20060622 |
| 801 | 0 | @aCN@b上海图书馆@c20040520 |
| 905 | @dJ292.3-61@e139:1@f2@b170570-571 | |
| 行草大字典.上/书学会编纂.-影印本.-北京:北京市中国书店,1981 |
| 1册;19cm |
| ISBN :CNY3.50(2册) |
| ● |
| 相关链接 |
|
|
|
|
正题名:行草大字典
索取号:J292.3-61/139:1
 
预约/预借
| 序号 | 登录号 | 条形码 | 馆藏地/架位号 | 状态 | 备注 |
| 1 | 0170570 | 000794652 | 第一借阅区/ [索取号:J292.3-61/139:1] | 在馆 | |
| 2 | 0170571 | 001276871 | 第一借阅区/ [索取号:J292.3-61/139:1] | 在馆 | |
| 3 | 0170572 | 000794625 | 第一样本阅览室/ [索取号:J292.3-61/139:1] | 在馆 | |
| 4 | 0420739 | 204207394 | 密集书库/ [索取号:J292.3-61/139:1] | 在馆 | |
| 5 | 0420740 | 204207401 | 密集书库/ [索取号:J292.3-61/139:1] | 在馆 | |
| 6 | 0420741 | 204207410 | 密集书库/ [索取号:J292.3-61/139:1] | 在馆 | |
| 7 | 0420742 | 204207429 | 密集书库/ [索取号:J292.3-61/139:1] | 在馆 |